| 000 | 00485nam a2200145 4500 | ||
|---|---|---|---|
| 999 |
_c10615 _d10615 |
||
| 008 | 180907b ||||| |||| 00| 0 eng d | ||
| 022 | _a2094-8042 | ||
| 082 | _aDPer 370.105 M72 Jan-Dec 2011 v59-60 | ||
| 100 |
_931041 _aPadilla, Suzette Neri |
||
| 245 |
_aHistorical background of Medina/ _cSuzette Neri Padilla. |
||
| 260 |
_aPhilippines: _bIn the Grade School, Inc., _cc2011. |
||
| 300 |
_av60 n3, pages 115-116; _c27cm. |
||
| 650 | 0 |
_931042 _aHistory _zMedina. |
|
| 942 |
_2ddc _cPER |
||